The Critical Mass of Mediation (Record no. 1741)

MARC details
000 -LEADER
campo de control de longitud fija 00489nam a22001217a 4500
008 - DATOS DE LONGITUD FIJA--INFORMACIÓN GENERAL
campo de control de longitud fija 190313b xxu||||| |||| 00| 0 eng d
082 ## - NÚMERO DE LA CLASIFICACIÓN DECIMAL DEWEY
Número de clasificación 707
Número de ítem AN557c
100 ## - ENTRADA PRINCIPAL--NOMBRE DE PERSONA
Nombre de persona Søren Andreasen y Lars Bang Larsen (Editores)
9 (RLIN) 6942
245 ## - MENCIÓN DEL TÍTULO
Título The Critical Mass of Mediation
260 ## - PUBLICACIÓN, DISTRIBUCIÓN, ETC.
Lugar de publicación, distribución, etc. Copenhagen, Denmark
Nombre del editor, distribuidor, etc. Internationalistisk Ideale
Fecha de publicación, distribución, etc. 2014
300 ## - DESCRIPCIÓN FÍSICA
Extensión 134 p.
Otras características físicas ill.
Dimensiones 18 cm
650 ## - PUNTO DE ACCESO ADICIONAL DE MATERIA--TÉRMINO DE MATERIA
Fuente del encabezamiento o término Arte Contemporáneo
Subdivisión de forma Curaduría
Subdivisión general Arte - política
Subdivisión cronológica Arte - aspectos sociales
-- Arte - estudio
-- Arte - teoría
9 (RLIN) 6943
Holdings
Estatus retirado Estado de pérdida Fuente del sistema de clasificación o colocación Estado de daño No para préstamo Biblioteca de origen Biblioteca actual Ubicación en estantería Fecha de adquisición Total de préstamos Signatura topográfica completa Código de barras Visto por última vez Precio de reemplazo Tipo de ítem Koha
    Clasificación Decimal Dewey     Biblioteca LadoV Biblioteca LadoV   13/03/2019   707 AN557c 004758 13/03/2019 13/03/2019 Material 01